• 首页
  • 本馆介绍
  • 公告通知
  • 最新文献
  • 馆藏检索
  • 电子资源
  • 读者导购
  • 参考咨询
  • 我的图书馆
  • 登录
  • 详细信息显示
  • 放入我的书架
  • 预约/预借图书
  • 作者相关作品
  • 分类相关作品
  • 丛书相关作品
  • 出版社相关作品

书目信息

  • 表格格式
  • 工作单格式
  • 卡片格式
题名:
导向内心成长
    
 
作者: 许楚燕 著
分册:  
出版信息: 沈阳   沈阳出版社  2022.06
页数: 185页
开本: 24cm
丛书名: 名师名校名校长书系
单 册:
中图分类: G633.413
科图分类:
主题词: 英语课--中学--教学参考资料
电子资源:
ISBN: 978-7-5716-1423-2
000 00980nam0 2200253 450
001 012001000650
005 20140131161541.0
010    @a978-7-5716-1423-2@dCNY45.00
100    @a20220905d2020 em y0chiy50 ea
101 0  @achi
102    @aCN@b210000
105    @aa z 000yy
106    @ar
200 1  @a导向内心成长@Adao xiang nei xin cheng zhang@e在英语教学中培育核心素养@f许楚燕著
210    @a沈阳@c沈阳出版社@d2022.06
215    @a185页@c图,照片@d24cm
225 1  @a名师名校名校长书系
330    @a本书分为在语篇语境中培育英语学科核心素养、培育“以人为本”的英语学科核心素养两篇,具体内容包括:建构语境教学、语篇框架理论教学、语言能力在语篇语境中培育、语言技能在语篇语境中的训练等。
510 1  @aOrientation for inward maturation@ecultivating core competences in ELT@zeng
606 0  @a英语课@x中学@j教学参考资料
690    @aG633.413@v5
701  0 @a许楚燕@Axu chu yan@c(中等教育)@4著
801  0 @aCN@bAHXH@c20221111
905    @b1364778-82@dG633.413@e1029@f5
    
    导向内心成长:在英语教学中培育核心素养/许楚燕著.-沈阳:沈阳出版社,2022.06
    185页:图,照片;24cm.-(名师名校名校长书系)
    
    
    ISBN 978-7-5716-1423-2:CNY45.00
    本书分为在语篇语境中培育英语学科核心素养、培育“以人为本”的英语学科核心素养两篇,具体内容包括:建构语境教学、语篇框架理论教学、语言能力在语篇语境中培育、语言技能在语篇语境中的训练等。
●
相关链接 在E读中查询图书 在五车中查询图书 在当当中查询图书 在豆瓣中查询图书


正题名:导向内心成长     索取号:G633.413/1029         预约/预借

序号 登录号 条形码 馆藏地/架位号 状态 备注
1 1364778   213647785   第一样本阅览室/ [索取号:G633.413/1029] 在馆    
2 1364779   213647794   教育系资料室/ [索取号:G633.413/1029] 在馆    
3 1364780   213647801   教育系资料室/ [索取号:G633.413/1029] 在馆    
4 1364781   213647810   第四借阅区/ [索取号:G633.413/1029] 在馆    
5 1364782   213647829   第四借阅区/ [索取号:G633.413/1029] 在馆    
唐山师范学院图书馆 欢迎您!
大连网信软件有限公司© 版权所有